| 000 | 00520nam a2200169Ia 4500 | ||
|---|---|---|---|
| 003 | GCL | ||
| 008 | 140319s9999 xx 000 0 ara d | ||
| 040 |
_aGCL / _cGCL |
||
| 082 | 0 | 4 |
_a214.5 _bص ت |
| 100 | 1 | _aصالح بن ابراهيم الضيع | |
| 245 | 1 | 0 |
_aالتأصيل الاسلامى لعلم النفس / _cصالح بن ابراهيم الضيع |
| 300 | _a243 ص | ||
| 490 |
_aكتاب _v0 |
||
| 650 | 0 | 4 | _aعلم النفس الاسلامى |
| 650 | 0 | 4 | _aالسلوك (علم نفس) |
| 942 |
_2ddc _cBK |
||
| 999 |
_c41671 _d41671 |
||